Winnie the Pooh Characters Quiz Stats

 Plays Quiz Updated Nov 29, 2020

Support Sporcle.
Go Orange.
Score 0/9 Timer 02:00
9 Plays Today
% Correct
Tigger
97.4%
Winnie the Pooh
97.2%
Piglet
94.8%
Owl
92.6%
Roo
92.5%
Christopher Robin
91.7%
Kanga
90.2%
Rabbit
90%
Eeyore
88.6%

You're not logged in!

Compare scores with friends on all Sporcle quizzes.
OR
Log In

From the Vault

Band or Song?

by Exodiafinder687

It's sure to cause problems when a band names one of their songs after themselves.
Remove Ads.
Support Sporcle.
Get the best of Sporcle when you Go Orange. This ad-free experience offers more features, more stats, and more fun while also helping to support Sporcle. Thank you for becoming a member.

Show Comments

Extras

Top Quizzes Today


Score Distribution

Your Account Isn't Verified!

In order to create a playlist on Sporcle, you need to verify the email address you used during registration. Go to your Sporcle Settings to finish the process.

Report this User

Report this user for behavior that violates our Community Guidelines.

Details: